000 00635cam a2200229 4500
008 090401t1999 xxu||||| |||| 00| 0 eng d
020 _a1860812694
035 _a(Sirsi) u92097
041 _aeng
050 _a690
110 _aBuilding Research Establishment
245 _aWind loading on buildings : brief guidance for using BS 6399-2:1997.
260 _aLondon
_bConstruction Research Communications Ltd
_c1999
300 _a16p. : ill. ; 30cm.
350 _a0
490 _aBRE Digest
_v436 Part 1
650 _aBS 6399-2
650 _aWIND LOADS
690 _aBUILT ENVIRONMENT
942 _n0
948 _c16/03/1999
999 _c97720
_d97720